ბათუმის შოთა რუსთაველის სახელმწიფო უნივერსიტეტის ბიბლიოთეკა

თამარიანი : (ბიბ.ჩანაწერი № 40332)

000 -ლიდერი
ფიქსირებული სიგრძის საკონტროლო ველი 00927nam a2200205Ia 4500
001 - საკონტროლო ნომერი
საკონტროლო ველი 6940
003 - საკონტროლო ნომრის იდენტიფიკატორი
საკონტროლო ველი GE_BSU
005 - ბოლო ოპერაციის თარიღი და დრო
საკონტროლო ველი 20200212120710.0
008 - ფიქსირებული სიგრძის მონაცემთა ელემენტები - ზოგადი ინფორმაცია
ფიქსირებული სიგრძის საკონტროლო ველი 181216s1928||||ge |||||||||||||| ||geo||
040 ## - კატალოგიზაციის წყარო
Transcribing agency GE_BSU
041 ## - ენის კოდი
Language code of text/sound track or separate title geo
080 ## - უნივერსალური ათობითი კლასიფიკაციის ინდექსი
Universal Decimal Classification number 821.353.1-11 გ-92
100 ## - მთავარი ჩანაწერი - პიროვნების სახელი
Personal name გუგუნავა, სიმონ.
9 (RLIN) 2953
245 ## - ცნობა სათაურის შესახებ
Title თამარიანი :
Remainder of title ისტორიული პოემა /
Statement of responsibility, etc სიმონ გუგუნავა ; წინასიტყვაობა ი. გრიშაშვილისა.
264 ## - წარმოების, გამოცემის, დისტრიბუციის და სხვა ცნობები
გამოცემის, წარმოების, დისტრიბუციის... ადგილი ტფილისი :
გამოცემის, წარმოების, დისტრიბუციის... სახელწოდება გამოცემა საქ. მწერალთა კავშირის წიგნის მაღაზია,
გამოცემის, წარმოების, დისტრიბუციის... თარიღი 1928.
300 ## - ფიზიკური აღწერა
Extent 135 გვ. :
Other physical details ფოტო-პორტრეტი ;
Dimensions 23 სმ.
653 ## - INDEX TERM--UNCONTROLLED
Uncontrolled term თამარიანი
653 ## - INDEX TERM--UNCONTROLLED
Uncontrolled term ისტორიული პოემა
942 ## - ADDED ENTRY ELEMENTS (KOHA)
Koha item type წიგნი
Source of classification or shelving scheme
ეგზემპლარები
ჩამოწერის სტატუსი დაკარგული ეგზემპლარის სტატუსი კლასიფიკაციის წყარო ან თაროზე გაწყობის სქემა დაზიანების სტატუსი არ გაიცემა მუდმივი მდებარეობა (დაცვის ადგილი) ამჟამინდელი ადგილსამყოფელი თაროზე განთავსების ადგილი შეძენის თარიღი ღირებულება, შესყიდვის ნორმალური ფასი სრული შენახვის შიფრი შტრიხკოდი ბოლო ოპერაციის თარიღი ეგზემპლარის მიმდევრობითი ნომერი (კეტერი?) ფასის ძალაში შესვლის თარიღი ეგზემპლარის სახეობა საჯარო შენიშვნა
          ბათუმის შოთა რუსთაველის სახელმწიფო უნივერსიტეტის მთავარი ბიბლიოთეკა ბათუმის შოთა რუსთაველის სახელმწიფო უნივერსიტეტის მთავარი ბიბლიოთეკა წიგნსაცავი 2018-12-17 37.60 821.353.1-11 გ-92 14967 2018-12-17 14967 2018-12-17 წიგნი 37.60 ლ.